| 000 | 01220 a2200205 4500 | ||
|---|---|---|---|
| 001 | 59091 | ||
| 005 | 20260407155845.0 | ||
| 008 | 260407a1984 arg spa d | ||
| 003 | AR-UNSa-BCEJYS | ||
| 040 |
_aAR-UNSa-BCEJYS _bspa _cAR-UNSa-BCEJYS |
||
| 080 |
_a339.9 _xEconomía internacional en general. Relaciones económicas internacionales. Economía mundial |
||
| 245 | 1 | 0 | _aLa consultora en los paises de la ALADI |
| 264 | 1 |
_aBuenos Aires : _bBID-INTAL _c1984 |
|
| 300 |
_a247 p. _c22 cm. |
||
| 505 | _aPrimera parte: Análisis regional: 1. La regulación de la consultoría en los países de la ALADI – 2. Dimensiones del mercado de consultoría – 3. Encuesta a las firmas consultoras que operan en América del Sur y México (ALADI) – 4. Aspectos de la demanda de servicios de consultoría – Segunda parte: Análisis por país: 5. Argentina – 6. Bolivia – 7. Brasil – 8. Colombia – 9. Chile – 10. Ecuador – 11. México – 12. Paraguay – 13. Perú – 14. Uruguay – 15. Venezuela | ||
| 942 | _cBK | ||
| 590 | _aniveau_biblio:m niveau_hierar:0 | ||
| 100 | 1 | _aInstituto para la Integración de América Latina (INTAL) | |
| 700 | 1 | _aFederación Latinoamericana de Asociaciones de Consultores | |
| 999 |
_c6593 _d6593 |
||